[Event "POL-chT U20"]
[Site "Suchedniow"]
[Date "2016.07.30"]
[Round "8.11"]
[White "Buchta, Agnieszka"]
[Black "Burakowska, Gabriela"]
[Result "0-1"]
[WhiteElo "1653"]
[BlackElo "1841"]
[PlyCount "50"]
[EventDate "2016.07.23"]
[EventType "team-tourn"]
[EventRounds "9"]
[EventCountry "POL"]
[SourceTitle "EXT 2019"]
[Source "ChessBase"]
[SourceDate "2018.10.10"]
[SourceVersion "1"]
[SourceVersionDate "2018.10.10"]
[SourceQuality "1"]

1. e4 c5 2. b3 e6 3. Bb2 b6 4. Nc3 Bb7 5. Qf3 Nc6 6. 0-0-0 a6 7. Qg3 d6 8. f4 Qc7 9. Nd5 exd5 10. Bxg7 Bxg7 11. Qxg7 0-0-0 12. Qxh8 dxe4 13. Qxh7 Qe7 14. Qh3+ Kb8 15. Re1 d5 16. Ne2 Nf6 17. g4 d4 18. g5 Nd5 19. Qg3 e3 20. f5+ Ka7 21. d3 c4 22. Bg2 Qa3+ 23. Kd1 cxb3 24. axb3 Qa1+ 25. Nc1 Nc3# 0-1

[Event "POL-chT 2nd League"]
[Site "Jastrzebia Gora"]
[Date "2015.09.13"]
[Round "9.60"]
[White "Sliwicka, Alicja"]
[Black "Burakowska, Gabriela"]
[Result "1-0"]
[WhiteElo "2003"]
[BlackElo "1783"]
[PlyCount "65"]
[EventDate "2015.09.05"]
[EventType "team-swiss"]
[EventRounds "9"]
[EventCountry "POL"]
[SourceTitle "EXT 2017"]
[Source "ChessBase"]
[SourceDate "2016.10.25"]
[SourceVersion "1"]
[SourceVersionDate "2016.10.25"]
[SourceQuality "1"]
[WhiteTeam "Zielonka Zieloni"]
[BlackTeam "Bialystok MUKS Stoczek 45"]
[WhiteTeamCountry "POL"]
[BlackTeamCountry "POL"]

1. e4 c5 2. Nf3 e6 3. d4 cxd4 4. Nxd4 a6 5. Bd3 Nc6 6. Nxc6 bxc6 7. 0-0 d5 8. c4 dxc4 9. Bxc4 Qc7 10. Nc3 Nf6 11. Be3 e5 12. Rc1 Rb8 13. Bb3 Be7 14. Nd5 Nxd5 15. exd5 c5 16. Qc2 0-0 17. Bxc5 Bxc5 18. Qxc5 Qxc5 19. Rxc5 Bf5 20. Re1 Rfc8 21. Rec1 Rd8 22. h3 h6 23. Rc7 Be4 24. Rd1 Rb6 25. f3 Bg6 26. Rdc1 e4 27. Rc8 Rxc8 28. Rxc8+ Kh7 29. Rc6 Rb8 30. fxe4 Bxe4 31. Rxa6 Rd8 32. d6 Bg6 33. Rb6 1-0

[Event "POL-chT U19 45th"]
[Site "Maslow Pierwszy"]
[Date "2014.07.31"]
[Round "7"]
[White "Burakowska, Gabriela"]
[Black "Dwilewicz, Katarzyna"]
[Result "1-0"]
[WhiteElo "1791"]
[BlackElo "1721"]
[PlyCount "95"]
[EventDate "2014.07.25"]
[EventType "team-tourn"]
[EventRounds "9"]
[EventCountry "POL"]
[SourceTitle "EXT 2015"]
[Source "ChessBase"]
[SourceDate "2014.11.20"]
[SourceVersion "1"]
[SourceVersionDate "2014.11.20"]
[SourceQuality "1"]
[WhiteTeam "Bialystok MUKS Stoczek 45 U19"]
[BlackTeam "Wroclaw KS Polonia U19"]
[WhiteTeamCountry "POL"]
[BlackTeamCountry "POL"]

1. d4 d5 2. c4 c6 3. cxd5 cxd5 4. Nc3 Nc6 5. Nf3 Nf6 6. Bf4 a6 7. e3 e6 8. Be2 Bd6 9. Bxd6 Qxd6 10. 0-0 0-0 11. Rc1 b5 12. Qd2 Bb7 13. Rfd1 Rac8 14. a3 Ne4 15. Nxe4 dxe4 16. Ne1 Ne7 17. b4 f5 18. Rc5 Ng6 19. Bh5 Qe7 20. Bxg6 hxg6 21. Rdc1 Qd7 22. R1c3 Bd5 23. Nc2 g5 24. Qe2 g6 25. Rxc8 Rxc8 26. Rc5 Kf7 27. Ne1 Bc4 28. Qd2 Rh8 29. f3 Qd6 30. g3 Bd5 31. f4 gxf4 32. gxf4 Qd7 33. Ng2 Rh3 34. Ne1 Qd8 35. Qc3 Bc4 36. d5 exd5 37. Qe5 Qe7 38. Rc7 Qxc7 39. Qxc7+ Kg8 40. Qb8+ Kh7 41. Qa7+ Kh6 42. Kg2 Rh4 43. h3 Be2 44. Qd4 Kh7 45. Qxd5 Rh5 46. Nc2 Bf3+ 47. Kg3 Kg7 48. Nd4 1-0

[Event "POL-chT U19 45th"]
[Site "Maslow Pierwszy"]
[Date "2014.07.30"]
[Round "6"]
[White "Murawko, Katarzyna"]
[Black "Burakowska, Gabriela"]
[Result "1-0"]
[WhiteElo "1904"]
[BlackElo "1791"]
[PlyCount "57"]
[EventDate "2014.07.25"]
[EventType "team-tourn"]
[EventRounds "9"]
[EventCountry "POL"]
[SourceTitle "EXT 2015"]
[Source "ChessBase"]
[SourceDate "2014.11.20"]
[SourceVersion "1"]
[SourceVersionDate "2014.11.20"]
[SourceQuality "1"]
[WhiteTeam "Suwalki Hancza U19"]
[BlackTeam "Bialystok MUKS Stoczek 45 U19"]
[WhiteTeamCountry "POL"]
[BlackTeamCountry "POL"]

1. e4 c5 2. Nf3 e6 3. d4 cxd4 4. Nxd4 Nc6 5. Nb5 d6 6. c4 a6 7. N5c3 Qc7 8. Be3 Nf6 9. Be2 Be7 10. 0-0 b6 11. Nd2 Bb7 12. Rc1 Ne5 13. f4 Ned7 14. Bf3 Rc8 15. Qe2 h5 16. h3 h4 17. Bd4 e5 18. Be3 exf4 19. Bxf4 Ne5 20. Nd5 Bxd5 21. exd5 Nfd7 22. Be4 Rg8 23. Bf5 Kd8 24. Kh1 Bf6 25. Ne4 Re8 26. Nxf6 gxf6 27. Qh5 Qc5 28. Bxe5 fxe5 29. Qxf7 1-0

[Event "POL-chT U19 45th"]
[Site "Maslow Pierwszy"]
[Date "2014.07.27"]
[Round "3"]
[White "Burakowska, Gabriela"]
[Black "Marczuk, Anna"]
[Result "0-1"]
[WhiteElo "1791"]
[BlackElo "1866"]
[PlyCount "88"]
[EventDate "2014.07.25"]
[EventType "team-tourn"]
[EventRounds "9"]
[EventCountry "POL"]
[SourceTitle "EXT 2015"]
[Source "ChessBase"]
[SourceDate "2014.11.20"]
[SourceVersion "1"]
[SourceVersionDate "2014.11.20"]
[SourceQuality "1"]
[WhiteTeam "Bialystok MUKS Stoczek 45 U19"]
[BlackTeam "Krakow KKSz U19"]
[WhiteTeamCountry "POL"]
[BlackTeamCountry "POL"]

1. d4 Nf6 2. Nf3 g6 3. g3 Bg7 4. Bg2 0-0 5. c4 d6 6. Nc3 Nbd7 7. 0-0 c5 8. e3 Rb8 9. b3 a6 10. Bb2 b5 11. cxb5 axb5 12. dxc5 dxc5 13. Qc2 Qb6 14. Rfd1 Rd8 15. Rd2 Bb7 16. Rad1 Bc6 17. Nh4 Rdc8 18. Bxc6 Qxc6 19. Ng2 Ne5 20. Ne1 c4 21. b4 Nf3+ 22. Nxf3 Qxf3 23. a4 bxa4 24. b5 Ng4 25. Nd5 Bf8 26. Qc3 f6 27. Rf1 Rxb5 28. Nf4 Qc6 29. Ne2 e5 30. h3 Nh6 31. Qc2 a3 32. Ba1 Nf7 33. Nc3 Rb7 34. Rfd1 Ng5 35. Rd5 Rcc7 36. h4 Ne6 37. Ne4 Kg7 38. Nxf6 Kxf6 39. Bxe5+ Kf7 40. Bxc7 Rxc7 41. h5 Ra7 42. Qa2 Rb7 43. R5d2 c3 44. Rc2 Rb2 0-1

[Event "Golden Rook op 56th"]
[Site "Chotowa"]
[Date "2014.06.13"]
[Round "9"]
[White "Lewtak, Dominik"]
[Black "Burakowska, Gabriela"]
[Result "1-0"]
[WhiteElo "1983"]
[BlackElo "1810"]
[PlyCount "57"]
[EventDate "2014.06.08"]
[EventType "team-swiss"]
[EventRounds "9"]
[EventCountry "POL"]
[SourceTitle "EXT 2015"]
[Source "ChessBase"]
[SourceDate "2014.11.20"]
[SourceVersion "1"]
[SourceVersionDate "2014.11.20"]
[SourceQuality "1"]

1. e4 c5 2. Nf3 e6 3. d4 cxd4 4. Nxd4 a6 5. Nc3 Qc7 6. Bd3 Nc6 7. Be3 Nf6 8. 0-0 Be7 9. Kh1 d6 10. f4 Bd7 11. Qf3 Nxd4 12. Bxd4 Bc6 13. Qg3 b5 14. e5 dxe5 15. fxe5 Nh5 16. Qg4 g6 17. Ne4 Rf8 18. c3 Bd5 19. b3 Rd8 20. a4 Bc6 21. axb5 Bxb5 22. Bxb5+ axb5 23. Ra7 Qb8 24. Rxe7+ Kxe7 25. Bc5+ Kd7 26. Bxf8 Rxf8 27. Rd1+ Kc7 28. Qg5 Re8 29. Nd6 1-0

[Event "Bialystok Zamenhof Memorial"]
[Site "Bialystok"]
[Date "2013.12.28"]
[Round "5"]
[White "Niesteruk, Mikolaj"]
[Black "Burakowska, Gabriela"]
[Result "1/2-1/2"]
[WhiteElo "1832"]
[BlackElo "1740"]
[PlyCount "137"]
[EventDate "2013.12.27"]
[EventType "swiss"]
[EventRounds "9"]
[EventCountry "POL"]
[SourceTitle "EXT 2016"]
[Source "ChessBase"]
[SourceDate "2015.10.08"]
[SourceVersion "1"]
[SourceVersionDate "2015.10.08"]
[SourceQuality "1"]

1. d4 d5 2. Bf4 Nf6 3. e3 Bf5 4. Bd3 Bg6 5. Bxg6 hxg6 6. h3 e6 7. Nd2 Bd6 8. Ne2 c5 9. c3 0-0 10. Bxd6 Qxd6 11. dxc5 Qxc5 12. Nb3 Qb6 13. Qd4 Qc7 14. Qc5 Nc6 15. Ned4 Ne4 16. Qb5 a6 17. Qe2 Ne5 18. 0-0 Nc4 19. Rfd1 Rfd8 20. Rab1 Qe5 21. Nf3 Qh5 22. Nfd4 Qh4 23. Nf3 Qe7 24. Nbd2 Ncd6 25. Nxe4 Nxe4 26. Nd2 Nd6 27. Qg4 Rac8 28. Qf3 g5 29. e4 dxe4 30. Nxe4 Nxe4 31. Qxe4 Rc7 32. Qa4 Rdc8 33. Rd2 Rc4 34. Qb3 g4 35. hxg4 Rxg4 36. Rbd1 b5 37. Rd4 Rg6 38. Qc2 Qg5 39. Qe4 f5 40. Qf3 Re8 41. Qg3 Qf6 42. Qh4 Qxh4 43. Rxh4 e5 44. Rh3 e4 45. Kf1 Kf7 46. Rd7+ Re7 47. Rxe7+ Kxe7 48. Re3 Re6 49. f3 exf3 50. Rxe6+ Kxe6 51. gxf3 Ke5 52. Kf2 g5 53. b3 Kd5 54. Ke3 a5 55. Kd3 Kc5 56. Ke3 a4 57. Kd3 Kd5 58. Ke3 Ke5 59. Ke2 Kf4 60. Kf2 Ke5 61. Ke3 g4 62. fxg4 fxg4 63. c4 bxc4 64. bxc4 a3 65. c5 Kd5 66. Kf4 g3 67. Kxg3 Kxc5 68. Kf3 Kd4 69. Ke2 1/2-1/2

[Event "Olsztyn op U18 blitz"]
[Site "Olsztyn"]
[Date "2013.08.04"]
[Round "19"]
[White "Burakowska, Gabriela"]
[Black "Rudnik, Anna"]
[Result "0-1"]
[WhiteElo "1904"]
[BlackElo "1682"]
[PlyCount "84"]
[EventDate "2013.08.03"]
[EventType "swiss (blitz)"]
[EventRounds "22"]
[EventCountry "POL"]
[SourceTitle "CBM 155 Extra"]
[Source "ChessBase"]
[SourceDate "2013.08.26"]
[SourceVersion "1"]
[SourceVersionDate "2013.08.26"]
[SourceQuality "1"]

1. d4 Nf6 2. Nf3 b6 3. c4 e6 4. Nc3 Bb4 5. Bd2 Qe7 6. a3 Bxc3 7. Bxc3 Ne4 8. Qc2 Bb7 9. e3 d6 10. Be2 Nd7 11. b4 f5 12. a4 0-0 13. 0-0 g5 14. Nd2 Ndf6 15. f3 Nxc3 16. Qxc3 g4 17. Bd3 Qg7 18. Kh1 Qh6 19. e4 f4 20. e5 g3 21. h3 Ne8 22. Be4 d5 23. cxd5 exd5 24. Qb3 c6 25. Bd3 Bc8 26. Kg1 Bxh3 27. Rf2 gxf2+ 28. Kxf2 Qh4+ 29. Kf1 Bf5 30. Ke2 Qg3 31. Rg1 Nc7 32. Nf1 Qg5 33. g4 Bg6 34. Qc3 Ne6 35. Rh1 Rac8 36. Bxg6 Qxg6 37. Rh5 c5 38. bxc5 bxc5 39. dxc5 Rxc5 40. Qa3 Qc2+ 41. Nd2 Nd4+ 42. Kf1 Qc1+ 0-1

[Event "Olsztyn op U18 blitz"]
[Site "Olsztyn"]
[Date "2013.08.04"]
[Round "13"]
[White "Lapa, Aleksandra"]
[Black "Burakowska, Gabriela"]
[Result "0-1"]
[WhiteElo "1600"]
[BlackElo "1904"]
[PlyCount "102"]
[EventDate "2013.08.03"]
[EventType "swiss (blitz)"]
[EventRounds "22"]
[EventCountry "POL"]
[SourceTitle "CBM 155 Extra"]
[Source "ChessBase"]
[SourceDate "2013.08.26"]
[SourceVersion "1"]
[SourceVersionDate "2013.08.26"]
[SourceQuality "1"]

1. e4 c5 2. Nf3 e6 3. d4 cxd4 4. Nxd4 Nc6 5. Nb3 a6 6. Be2 Nf6 7. 0-0 Nxe4 8. Bf3 Nf6 9. Nc3 Be7 10. Be3 d5 11. Nd4 Qc7 12. Qe2 b5 13. a3 Bb7 14. Rad1 Rc8 15. Nxc6 Bxc6 16. Bd4 0-0 17. Rfe1 Rfe8 18. Qd2 Bb7 19. Be5 Qc4 20. b3 Qc6 21. Rc1 Nd7 22. Bg3 Qxc3 23. Qxc3 Rxc3 24. Re2 Bf6 25. Rd2 Ne5 26. Be2 Rec8 27. Bf4 h6 28. Be3 Rxb3 29. cxb3 Rxc1+ 30. Rd1 Rxd1+ 31. Bxd1 Be7 32. a4 bxa4 33. bxa4 Nc4 34. Bd4 Bf6 35. Bc5 Bc6 36. Kf1 Nb2 37. Bb3 Bxa4 38. Ba2 Bb5+ 39. Kg1 Nd3 40. Be3 Be7 41. f4 Bc5 42. Bxc5 Nxc5 43. Kf2 Ne4+ 44. Ke3 Kf8 45. g4 Ke7 46. h4 Nd6 47. g5 hxg5 48. fxg5 Nf5+ 49. Kf4 Nxh4 50. Kg4 Nf5 51. Kh5 Be2# 0-1

[Event "Olsztyn op U18 blitz"]
[Site "Olsztyn"]
[Date "2013.08.04"]
[Round "21"]
[White "Murawko, Katarzyna"]
[Black "Burakowska, Gabriela"]
[Result "0-1"]
[WhiteElo "1904"]
[BlackElo "1904"]
[PlyCount "40"]
[EventDate "2013.08.03"]
[EventType "swiss (blitz)"]
[EventRounds "22"]
[EventCountry "POL"]
[SourceTitle "CBM 155 Extra"]
[Source "ChessBase"]
[SourceDate "2013.08.26"]
[SourceVersion "1"]
[SourceVersionDate "2013.08.26"]
[SourceQuality "1"]

1. e4 c5 2. Nf3 e6 3. d4 cxd4 4. Nxd4 a6 5. Bd3 Nc6 6. Nb3 Qc7 7. 0-0 Nf6 8. Be3 d5 9. exd5 Nxd5 10. Bd2 Bd6 11. h3 0-0 12. c4 Nf6 13. Nc3 Ne5 14. Be2 Nxc4 15. Bg5 Be7 16. Rc1 b5 17. Qc2 Qe5 18. f4 Qe3+ 19. Kh1 Bb7 20. Rce1 Qxh3+ 0-1